000 00412nam a2200145 i 4500
001 55245
003 ES-MaACL
007 t|
008 030916s1948 pr ||||1| spa d
100 1 _aDemar, Carmen.
_943620
245 1 0 _aDerrumbe /
_cCarmen Demar.
260 _aSan Juan de Puerto Rico :
_b[s.n.,
_c1948] (
_fImp. Venezuela)
300 _a126 p. :
_bretr. aut. ;
_c20 cm.
852 _aES-MaACL
_jE-980
_bR.26657
999 _c55245
_d55245